| 000 | 00937nam a2200313 a 4500 | ||
|---|---|---|---|
| 003 | AR-BaBNM | ||
| 005 | 20251128210257.0 | ||
| 008 | 082120s2002 ||||||||||||||000 | spa|| | ||
| 020 | _a85-16-01285-9 | ||
| 040 | _cAR-BaBNM | ||
| 100 | 1 | _aSeber, Maria da Gloria | |
| 245 | 0 | 0 |
_aPsicologia do pré-escolar _buma visâo constructivista |
| 260 |
_aSan Pablo _bEditora Moderna _c1997 |
||
| 300 |
_a272 p. _bil., tablas |
||
| 504 | _aContiene bibliografía p. 269-272 | ||
| 650 | 4 | _aPSICOLOGIA DE LA EDUCACION | |
| 650 | 4 | _aEDUCACION DE LA PRIMERA INFANCIA | |
| 650 | 4 | _aPSICOLOGIA DEL NIÑO | |
| 650 | 4 | _aFORMACION DE CONCEPTOS | |
| 650 | 4 | _aPROCESO DE APRENDIZAJE | |
| 650 | 4 | _aJUEGO | |
| 650 | 4 | _aPROCESO DEL PENSAMIENTO | |
| 650 | 4 | _aPSICOLOGIA GENETICA | |
| 653 | _aCONSTRUCTIVISMO | ||
| 653 | _aEDUCACION INICIAL | ||
| 700 | 1 |
_aFreire de Freitas Luís, Vera Lucía _ecolaborador |
|
| 942 | _cBK | ||
| 998 | _cRaquel | ||
| 999 |
_c14748 _d14748 |
||